ESSENTIALS OF PEDIATRIC ORAL PATHOLOGY (Record no. 9834)

MARC details
000 -LEADER
fixed length control field 00345nam a22001457a 4500
020 ## - INTERNATIONAL STANDARD BOOK NUMBER
International Standard Book Number 978-93-5025-374-8
082 ## - DEWEY DECIMAL CLASSIFICATION NUMBER
Classification number 616.0707,E11C
100 ## - MAIN ENTRY--PERSONAL NAME
Personal name CHAUDHARY,MAYUR
245 ## - TITLE STATEMENT
Title ESSENTIALS OF PEDIATRIC ORAL PATHOLOGY
250 ## - EDITION STATEMENT
Edition statement 1ST
260 ## - PUBLICATION, DISTRIBUTION, ETC. (IMPRINT)
Place of publication, distribution, etc NEW DELHI
Name of publisher, distributor, etc JAYPEE BROTHERS
Year of Publication 2011
300 ## - PAGE DESCRIPTION
No. of Pages 462
650 ## - SUBJECT ADDED ENTRY--TOPICAL TERM
Topical term or geographic name as entry element PEDODONTICS
942 ## - ADDED ENTRY ELEMENTS (KOHA)
Source of classification or shelving scheme Dewey Decimal Classification
Koha item type Books
Holdings
Withdrawn status Lost status Source of classification or shelving scheme Damaged status Not for loan Home library Current library Shelving location Date acquired Vendor Name Cost, normal purchase price SGTU Bill Number Total Checkouts Full call number Accession No. (Barcode) Date last seen Bill Date Koha item type
    Dewey Decimal Classification     SGT Dental Library SGT Dental Library Text Book 01/09/2016 ABC 1195.00 SGTU 6923   616.0707,E11C FD7396 01/09/2016   Books
    Dewey Decimal Classification     SGT Dental Library SGT Dental Library Text Book 01/09/2016 ABC 1195.00 SGTU 6923   616.0707,E11C FD7397 01/09/2016   Books